Návrh na zlepšenie inovačného potenciálu podniku PANKL Automotive Slovakia, s.r.o.

Na minha lista:
Detalhes bibliográficos
Autor principal: Grznár, Andrej, 1987- (Author)
Outros Autores: Horňák, František, 1969- (Thesis advisor)
Formato: Manuscrito Livro
Idioma:eslovaco
Publicado em: Trnava : STU v Bratislave MTF UPMK, 2012
Assuntos:
Acesso em linha:VAIS
Tags: Adicionar Tag
Sem tags, seja o primeiro a adicionar uma tag!

MARC

LEADER 00000ntm a22000003a 4500
001 stu248858
005 20160719160655.6
008 120620s2012----xo------------------slo-d
040 |a STU  |b slo 
041 0 |a slo 
044 |a xo 
100 1 |a Grznár, Andrej,  |d 1987-  |4 aut  |X 48336  |7 A000048336 
242 0 0 |a Proposal to improve the innovative potential of Pankl Automotive Slovakia Ltd  |y eng 
245 1 |a Návrh na zlepšenie inovačného potenciálu podniku PANKL Automotive Slovakia, s.r.o. 
260 |a Trnava :  |b STU v Bratislave MTF UPMK,  |c 2012 
300 |a 78 s 
650 7 |a priemyselné manažérstvo  |2 stusub 
650 7 |a Industrial Management  |2 estusub 
650 7 |a inovačný manažment  |2 stusub 
700 1 |a Horňák, František,  |d 1969-  |4 ths  |u M4000  |U MTF Materiálovotechnologická fakulta  |T MTF Ústav priemyselného inžinierstva a manažmentu  |X 1533  |U M4000  |Y 84  |7 1533 
856 4 |a info a plný text  |u http://is.stuba.sk/zp/portal_zp.pl?podrobnosti=80008  |3 VAIS 
996 |c M*DP-10832  |l MMSKP  |s P  |a 0  |w stu248858_0001